| 000 -LEADER |
| fixed length control field |
00415pab a2200145 454500 |
| 008 - FIXED-LENGTH DATA ELEMENTS--GENERAL INFORMATION |
| fixed length control field |
180718b xxu||||| |||| 00| 0 eng d |
| 100 ## - MAIN ENTRY--PERSONAL NAME |
| Personal name |
Hiroyuki, Yamada |
| 245 ## - TITLE STATEMENT |
| Title |
A study of the urbanization process in port-war Japan |
| 650 ## - SUBJECT ADDED ENTRY--TOPICAL TERM |
| Topical term or geographic name entry element |
Urbanization |
| 650 ## - SUBJECT ADDED ENTRY--TOPICAL TERM |
| Topical term or geographic name entry element |
Japan |
| 650 ## - SUBJECT ADDED ENTRY--TOPICAL TERM |
| Topical term or geographic name entry element |
Urbanization - Japan |
| 700 ## - ADDED ENTRY--PERSONAL NAME |
| Personal name |
Kazuyu Ki, Tokuoka |
| 773 ## - HOST ITEM ENTRY |
| Main entry heading |
Review of Urban and Regional Development Studies |
| 909 ## - |
| -- |
1905 |